000 00475nam a2200157Ia 4500
008 151213s9999 xx 000 0 und d
100 _aR.H.Hermanson. J D..Edwards & M. W Muher
245 _aAccounting : a Business Perspective
_cR.H.Hermanson. J D..Edwards & M. W Muher
250 _a8th
260 _aBoston
_bMcGrow Hill
_c1995
300 _a2273 p.
650 _aAccounting
650 _aAccounting
700 _aR.H.Hermanson. J D..Edwards & M. W Muher
999 _c1639
_d1639